00675nam a2200145Ia 4500008004100000100002100041245011200062245005700174260005400231260001700285650001200302856012300314999001900437952007300456160809s9999 xx 000 0 und d aHassan, Mohamed. 4aThe Impact of Financial Openness on Total Factor Productivity Growth, through the Channel of Banking Credit cMahmoud Abd El Hai, Mohamed Hassan and Mariam Raouf. bInternational Research Journal of Applied Finance cJanuary 2016 xFINANCE uhttps://nebula.wsimg.com/c25dd0f7a7f4afb4e1dcd906c691feb0?AccessKeyId=A83663472B839ECDD54B&disposition=0&alloworigin=1 c300008d300008 001040aCLbCLd2016-08-09l0r2016-08-09 00:00:00w2016-08-09yFOJ